000 00954cas a2200277 i 4500
001 000031263
003 DO-SdBNP
005 20251216110816.0
007 ta
008 110614c1911 dr wr1p|r || |0spa d
040 _aDO-SdBNP
_bspa
_cDO-SdBNP
_erda
041 _hspa
043 _anwdr
245 1 3 _aLa cuna de América :
_brevista de ciencias, artes y letras /
_cEditores y propietarios: Viuda de Roques y Cia.
264 _aSanto Domingo, República Dominicana :
_bViuda de Roques y Cia.,
_c1911.
300 _avolumen :
_bilustraciones, retratos ;
_c36 cm.
310 _aSemanal.
336 _atexto
_btxt
_2rdacontent
337 _asin mediación
_bn
_2rdamedia
338 _avolumen
_bnc
_2rdacarrier
362 0 _aTercera época, Año.1. no.1(1911:abr.02).
500 _aDirector: Raúl Abreu.
650 4 _aLiteratura
_zRepública Dominicana
_vPublicaciones periódicas
_957667
780 0 3 _aLa Cuna de América.
942 _2ddc
_cISSUE
999 _c30755
_d30755